01447cam a22003251 4500001001300000003000400013005001700017008004100034010001700075035001900092040004800111050002200159051002500181082001200206100003200218245019300250260004800443300010100491490004200592500012000634504003200754650002700786700004600813700006400859700004900923700004100972700004901013700004201062999001701104gs 40000191 DLC20260227111345.0770803s1940 dcu b 000 0 eng c ags 40000191  a(OCoLC)3158735 aU. S. Geol. survey, LibrarycOCdOCoLCdDLC00aQE75b.B9 no. 901 aTN942b.L35cCopy 2. a557.3 s1 aLang, Walter Barnes,d1890-00aClay investigations in the southern states 1934-35.cReports by W. B. Lang, P. B. King, M. N. Bramlette, T. N. McVay, H. X. Bay, and A. C. Munyan. With an introduction by G. R. Mansfield. aWashington,bU.S. Govt. print. off.,c1940. ax, 346 p. incl. illus., plans, tables, diagrs.b8 pl. (incl. 7 fold. maps (1 in pocket))c23 cm.0 aU.S. Geological survey. Bulletinv901 aProjects conducted by the Geological survey under grants from the Federal emergency administration of public works. aBibliographical foot-notes. 0aClayzSouthern States.1 aKing, Philip Burke,d1903-ejoint author.1 aBramlette, M. N.q(Milton Nunn),d1896-1977,ejoint author.1 aMcVay, Thomas Newkirk,d1891-ejoint author.1 aBay, Harry X.,d1906-ejoint author.1 aMunyan, Arthur Claude,d1908-ejoint author.1 aMansfield, George Rogers,d1875-1947. c27637d27637